Prénom....mais pas que - Statistiques

Statistiques générales
  • Ce quiz a été pris 274 fois
  • Le résultat moyen est 6 sur 35
Statistiques - réponses
Questions Prénom Indice si F, M OU LES 2 % Correct
au Shifumi, synonyme de caillou Pierre M
97%
Sœur de l'orange Clémentine F
39%
Connu dans Harry Potter, son prénom sonne comme un fleuve français Ron M
38%
Fleur Marguerite / Rose / Iris F
35%
Prénom dans le nom des états américains Phil / Indiana / Louis / Ana / Caroline / Virginie / Dakota / Ken / Mary 2
35%
Marque de matelas Emma F
33%
Villes en San, Santa ou Sao avec minimum 200 000 habitants Diego / Francisco / Juan / Paulo / Luis / Louis / Peter / Paul / Ana 2
32%
Femme dans Harry Potter, Grand bateau dans la réalité Hermione F
26%
Villes dont les saints dépasse les 100 000 habitants en France Denis / Etienne / Paul M
24%
Nom d'une pierre précieuse Jade F
19%
Villes en San qui sont des capitales mondiales Salvador / Jose / John / Domingue / Georges / Marin / Tiago M
19%
Désigne un 360 en patinage Axel M
18%
Quelqu'un qui sais bien utilisé ses mains Manuel M
17%
Marque de croquette pour chat Félix M
14%
Modèle de voiture Zoé / Giulia / Giuletta / Logan 2
14%
XCIX signifie en 99 Romain M
13%
Type de bleu, type d'armée Marine F
12%
Si la météo est belle, ont dit que le ciel est Clément M
11%
Lac Victoria / Constance / Albert / Georges / Edouard / Nasser / Louise / Travis 2
11%
Spécialité de Commercy Madeleine F
10%
On l'offre pour une occasion spéciale Fleur F
9%
Récompense César / Oscar M
8%
Capitale ou grande ville d'état américain Jeff / Jefferson / Jackson / Charlotte / Helena / Madison / Augusta / Pierre / Austin 2
8%
Type de couleur se rapprochant du blanc Claire F
6%
Prénom insulaire pour des pays Fidji / Lucie / Dominique / Tome / Christophe / Vincent 2
5%
Si tu viens du chef lieu de la Somme, on peut dire que t'es _ _ _ _ _ _ Damien M
4%
Catégorie sportive Junior / Benjamin M
4%
Présent dans un département français Yveline / Martin 2
3%
A une lettre près elle désigne une pente sur laquelle on peut randonner Coline F
2%
Port d'au moins 100k habitant Elizabeth / Louis / Saïd 2
2%
Dans un fleuve Laurent / Léna 2
2%
Nom d'une montagne Victoire / Stanley / Marcus / Whitney / Mitchell / Logan 2
1%
Île de l'Antarctique Alexandre M
0%
Nom d'un cap Ambre F
0%
Couleur dans le ciel Aurore F
0%
Aucun quiz correspondant
Distribution des résultats
% des personnes avec chaque résultat
Percentile par nombre de réponses
Votre historique - résultats
Vous n’avez pas pris ce quiz